000 00651nam a22001817a 4500
999 _c9352
_d9352
008 210406b ||||| |||| 00| 0 eng d
040 _aBMS College of Architecture
100 _aPrasad, R Sindhushree
245 _aReimagining historic inner city market areas as means of urban rejuvenation: Mysore market as the focus
300 _a126p.
500 _a1CF17AHD13
502 _8M.Arch (Habitat Design)
_NBMS College of Architecture, Visvesvaraya Technological University
_aDissertation
_d2019
650 _aCity Market
700 _aRachana D R
_eGuide
700 _aPooja S
_eGuide
700 _aSadashiv Chakravarthy
_eGuide
942 _2ddc
_cPGTHE